| 000 | 00541 a2200109 4500 | ||
|---|---|---|---|
| 020 | _a0070125414 (acid-free paper) | ||
| 082 | _a690 KOW | ||
| 245 |
_aStructural systems for tall buildings : _bsystems and concepts / _cCouncil on Tall Buildings and Urban Habitat, Committee 3 ; editorial group, Ryszard M. Kowalczyk, Robert Sinn, Max B. Kilmister ; contributors, I.D. Bennetts ... [et al.]. |
||
| 260 |
_aNew York : _bMcGraw-Hill, _cc1995. |
||
| 300 |
_axvii, 422 p. : _bill. ; _c24 cm. |
||
| 650 |
_aTall buildings _xDesign and construction. |
||
| 650 | _aStructural engineering. | ||
| 999 |
_c1767 _d1767 |
||